Pociągi w Polsce nazwane po rzekach - Statystyki

Ogólne statystyki
  • Ten quiz został rozwiązany 126 razy
  • Średni wynik to 6 z 13
Statystyki odpowiedzi
Rodzaj pociągu Nazwa pociągu % Poprawnych
IC/EC Odra
94%
IC Warta
86%
IC San
64%
IC Narew
54%
TLK Wisłok
51%
IC Noteć
49%
IC Brda
44%
TLK Biebrza
43%
IC Drwęca
25%
IC Parsęta
24%
IC Bystrzyca
18%
IC Słupia
17%
IC/EC Danubius
9%
Nie znaleziono quizów pasujących do podanych kryteriów
Rozkład punktacji
Procent ludzi z każdym wynikiem
Percentyl według liczby udzielonych odpowiedzi
Twoja historia wyników
Nie rozwiązałeś tego quizu